[Event "TUR Cup"]
[Site "Denizli"]
[Date "2023.07.21"]
[Round "8"]
[White "Turkmen, Ataberk"]
[Black "Gulsoy, Mustafa Alpago"]
[Result "0-1"]
[WhiteElo "1960"]
[BlackElo "2011"]
[PlyCount "92"]
[EventDate "2023.07.16"]
[EventType "team-tourn"]
[EventRounds "9"]
[EventCountry "TUR"]
[SourceTitle "CBM 215 Extra"]
[Source "ChessBase"]
[SourceDate "2023.09.30"]
[SourceVersion "1"]
[SourceVersionDate "2023.09.30"]
[SourceQuality "1"]

1. e4 c6 2. Bc4 d5 3. Bb3 g6 4. Nc3 dxe4 5. f3 e3 6. d4 Bh6 7. Nge2 Nf6 8. 0-0 0-0 9. Qd3 Bf5 10. Ne4 Na6 11. a3 e5 12. Bxe3 Nc5 13. dxc5 Bxe4 14. Qc3 Bxe3+ 15. Qxe3 Bd5 16. c4 Be6 17. Qxe5 Qd3 18. Nc3 Nd7 19. Qd6 Qe3+ 20. Kh1 Qxc5 21. Qd2 Rad8 22. Ne4 Qe5 23. Rad1 Kg7 24. Nd6 Nc5 25. Ba2 b6 26. f4 Qf6 27. f5 Bxf5 28. Bb1 Nb7 29. Nxf5+ gxf5 30. Qc2 Rxd1 31. Rxd1 Rd8 32. Rg1 h5 33. Rf1 Rd4 34. Qe2 Nd6 35. c5 bxc5 36. Qxh5 Qh6 37. g4 Rd2 38. Qxh6+ Kxh6 39. Bxf5 Kg5 40. b3 a5 41. Rc1 Nxf5 42. gxf5 Rd5 43. Rc4 Kxf5 44. Ra4 Ke5 45. Rxa5 c4 46. Ra8 cxb3 0-1

[Event "TUR Cup"]
[Site "Adapazari"]
[Date "2022.03.28"]
[Round "6"]
[White "Gulsoy, Mustafa Alpago"]
[Black "Sezis, Doruk"]
[Result "1-0"]
[WhiteElo "2023"]
[BlackElo "1566"]
[PlyCount "89"]
[EventDate "2022.03.25"]
[EventType "swiss"]
[EventRounds "11"]
[EventCountry "TUR"]
[SourceTitle "EXT 2023"]
[Source "ChessBase"]
[SourceDate "2022.10.05"]
[SourceVersion "1"]
[SourceVersionDate "2022.10.05"]
[SourceQuality "1"]

1. e4 c5 2. c3 d5 3. exd5 Nf6 4. Nf3 Nxd5 5. d4 cxd4 6. Nxd4 e6 7. Be2 Bd6 8. Nb5 0-0 9. Nxd6 Qxd6 10. c4 Qb4+ 11. Qd2 Qxd2+ 12. Bxd2 Nf6 13. Nc3 Bd7 14. 0-0-0 Bc6 15. f3 Nbd7 16. Be3 Rac8 17. Rd6 Ne8 18. Rd2 f5 19. Rhd1 Nef6 20. b4 a6 21. Kb2 Ne5 22. Rd6 Rfe8 23. a4 b5 24. cxb5 axb5 25. Bd4 Nc4+ 26. Bxc4 bxc4 27. b5 Bd5 28. a5 Kf7 29. Bxf6 gxf6 30. Rd7+ Kg6 31. a6 f4 32. b6 Rc6 33. Rb7 Rc5 34. Rc7 Rxc7 35. bxc7 Rc8 36. Rxd5 exd5 37. Nxd5 c3+ 38. Kc2 Kf7 39. a7 Ra8 40. Nb6 Rxa7 41. c8Q Ra2+ 42. Kxc3 Rxg2 43. Qh3 Rg7 44. Nd5 Rg5 45. Qd7+ 1-0

[Event "TUR Cup"]
[Site "Adapazari"]
[Date "2022.03.28"]
[Round "5"]
[White "Koksal, Ege"]
[Black "Gulsoy, Mustafa Alpago"]
[Result "1-0"]
[WhiteElo "2343"]
[BlackElo "2023"]
[PlyCount "107"]
[EventDate "2022.03.25"]
[EventType "swiss"]
[EventRounds "11"]
[EventCountry "TUR"]
[SourceTitle "EXT 2023"]
[Source "ChessBase"]
[SourceDate "2022.10.05"]
[SourceVersion "1"]
[SourceVersionDate "2022.10.05"]
[SourceQuality "1"]

1. d4 f5 2. g3 Nf6 3. Bg2 g6 4. b3 d6 5. Bb2 Bg7 6. Nf3 0-0 7. 0-0 c6 8. Nbd2 Na6 9. e3 Nc7 10. Qe2 Qe8 11. e4 fxe4 12. Nxe4 Nxe4 13. Qxe4 Bf5 14. Qe2 Qd7 15. c4 Rae8 16. Qe3 Qe6 17. Qd2 Qf6 18. Nh4 Ne6 19. Nxf5 gxf5 20. Rfd1 f4 21. Rab1 Qh6 22. d5 Ng5 23. dxc6 bxc6 24. h4 Nf7 25. Qxf4 Qxf4 26. gxf4 Nd8 27. Bc1 Bf6 28. b4 Kf7 29. Be3 Rg8 30. Kf1 Rg4 31. a4 Reg8 32. Bf3 Rxh4 33. b5 Ne6 34. Bxc6 Nxf4 35. a5 Rc8 36. Bxf4 Rxf4 37. a6 Bd4 38. Rxd4 Rxd4 39. b6 axb6 40. a7 Rxc6 41. a8Q Rdxc4 42. Rb3 R6c5 43. Qf3+ Ke6 44. Re3+ Re5 45. Qh3+ Kd5 46. Rd3+ Rd4 47. Rb3 Rd1+ 48. Kg2 Rg5+ 49. Kh2 Rgg1 50. Qf3+ Ke6 51. Re3+ Kd7 52. Qb7+ Kd8 53. Qxe7+ Kc8 54. Rc3+ 1-0

[Event "TUR Cup"]
[Site "Adapazari"]
[Date "2022.03.26"]
[Round "2"]
[White "Gulsoy, Mustafa Alpago"]
[Black "Pehlivan, Mert"]
[Result "1/2-1/2"]
[WhiteElo "2023"]
[BlackElo "1573"]
[PlyCount "114"]
[EventDate "2022.03.25"]
[EventType "swiss"]
[EventRounds "11"]
[EventCountry "TUR"]
[SourceTitle "EXT 2023"]
[Source "ChessBase"]
[SourceDate "2022.10.05"]
[SourceVersion "1"]
[SourceVersionDate "2022.10.05"]
[SourceQuality "1"]

1. e4 c5 2. c3 d5 3. exd5 Qxd5 4. d4 Nc6 5. Nf3 Nf6 6. Na3 Bg4 7. Be2 e6 8. Be3 cxd4 9. Nb5 Qd8 10. Nbxd4 Be7 11. Qa4 Qc7 12. Nb5 Qc8 13. Nxa7 0-0 14. Nxc8 Rxa4 15. Nxe7+ Nxe7 16. Bc5 Nfd5 17. h3 Bh5 18. c4 Rc8 19. cxd5 Rxc5 20. d6 Nd5 21. d7 Ra8 22. 0-0 Nf4 23. Bd1 Rd5 24. g3 Nd3 25. Be2 Rxd7 26. Rfd1 Rad8 27. Rd2 Bxf3 28. Bxf3 Ne5 29. Rxd7 Nxf3+ 30. Kg2 Nh4+ 31. gxh4 Rxd7 32. Rc1 h5 33. Rc5 g6 34. Kg3 Kg7 35. f3 Kf6 36. b4 e5 37. Rb5 Ke6 38. a4 f5 39. Rb6+ Kf7 40. Kf2 Rc7 41. a5 Rd7 42. b5 Rc7 43. a6 bxa6 44. bxa6 Rc2+ 45. Ke3 Ra2 46. Kd3 Ra3+ 47. Kc2 e4 48. Kb2 Ra5 49. fxe4 fxe4 50. Kc2 e3 51. Kd3 Ra3+ 52. Ke2 Kg7 53. Rb7+ Kf6 54. Ra7 Ke6 55. Ra8 Kf7 56. a7 Kg7 57. Kf3 Kh7 1/2-1/2

[Event "TUR-chT Clubs"]
[Site "Konya"]
[Date "2019.07.18"]
[Round "4.1"]
[White "Oz, Ozan"]
[Black "Gulsoy, Mustafa Alpago"]
[Result "0-1"]
[WhiteElo "1923"]
[BlackElo "2069"]
[PlyCount "48"]
[EventDate "2019.07.16"]
[EventType "team-swiss"]
[EventRounds "9"]
[EventCountry "TUR"]
[SourceTitle "CBM 191 Extra"]
[Source "ChessBase"]
[SourceDate "2019.09.30"]
[SourceVersion "1"]
[SourceVersionDate "2019.09.30"]
[SourceQuality "1"]
[WhiteTeam "Celik Dernegi"]
[BlackTeam "Krater Genclik"]
[WhiteTeamCountry "TUR"]
[BlackTeamCountry "TUR"]

1. d4 d6 2. Bf4 g6 3. Nc3 Bg7 4. e4 c6 5. Qd2 Nd7 6. Nf3 e5 7. dxe5 dxe5 8. Bg5 Ngf6 9. 0-0-0 Qe7 10. Bh6 0-0 11. Bxg7 Kxg7 12. h4 Nc5 13. Qe3 b5 14. Nd2 Ng4 15. Qe1 Be6 16. f3 Nf6 17. Kb1 a5 18. g4 b4 19. Ne2 a4 20. Nc1 b3 21. cxb3 axb3 22. a3 Na4 23. Qg3 Nc3+ 24. bxc3 Qxa3 0-1

[Event "Mersin op 3rd"]
[Site "Mersin"]
[Date "2018.09.09"]
[Round "1"]
[White "Iskandarov, Misratdin"]
[Black "Gulsoy, Mustafa Alpago"]
[Result "1-0"]
[WhiteElo "2482"]
[BlackElo "2061"]
[PlyCount "92"]
[EventDate "2018.09.09"]
[EventType "swiss"]
[EventRounds "9"]
[EventCountry "TUR"]
[SourceTitle "CBM 186 Extra"]
[Source "ChessBase"]
[SourceDate "2018.08.24"]
[SourceVersion "1"]
[SourceVersionDate "2018.08.24"]
[SourceQuality "1"]

1. d4 Nf6 2. c4 b6 3. Nc3 Bb7 4. f3 d6 5. e4 Nbd7 6. Nge2 g6 7. Bg5 c5 8. Qd2 cxd4 9. Nxd4 h6 10. Be3 Rc8 11. Nd5 Bg7 12. Be2 a6 13. 0-0 e6 14. Nxf6+ Nxf6 15. Rfd1 Qc7 16. Nb3 Bf8 17. Qd4 Be7 18. Qxb6 Qxb6 19. Bxb6 0-0 20. Be3 Kh7 21. Rac1 Rfd8 22. c5 dxc5 23. Rxd8 Rxd8 24. Nxc5 Bxc5 25. Rxc5 Rc8 26. Rxc8 Bxc8 27. b4 Nd7 28. a4 Bb7 29. b5 axb5 30. Bxb5 Nb8 31. a5 h5 32. Bf4 Na6 33. Bd6 Kg7 34. Kf2 f6 35. Ke3 e5 36. Bd7 g5 37. Kd3 g4 38. fxg4 hxg4 39. Bxg4 Bc6 40. Be6 Kg6 41. Bc4 Bb7 42. Bd5 Bc8 43. Be6 Kg7 44. Bc4 Kg6 45. Bd5 Bb7 46. Kc4 Bc8 1-0

[Event "Istanbul op-A"]
[Site "Istanbul"]
[Date "2018.09.07"]
[Round "8"]
[White "Gulsoy, Mustafa Alpago"]
[Black "Ozsakallioglu, Akin"]
[Result "1/2-1/2"]
[WhiteElo "2061"]
[BlackElo "1861"]
[PlyCount "65"]
[EventDate "2018.09.02"]
[EventType "swiss"]
[EventRounds "9"]
[EventCountry "TUR"]
[SourceTitle "CBM 186 Extra"]
[Source "ChessBase"]
[SourceDate "2018.08.24"]
[SourceVersion "1"]
[SourceVersionDate "2018.08.24"]
[SourceQuality "1"]

1. e4 c5 2. c3 Nf6 3. e5 Nd5 4. d4 cxd4 5. Nf3 Nc6 6. cxd4 d6 7. Be2 dxe5 8. Nxe5 e6 9. 0-0 Nxe5 10. dxe5 Bd7 11. Qb3 Qb6 12. Qg3 h5 13. h4 g6 14. Na3 Bxa3 15. bxa3 Qd4 16. Be3 Qb2 17. Bf3 Nxe3 18. fxe3 Bc6 19. Bxc6+ bxc6 20. Rab1 Qc2 21. Rb7 0-0 22. Rf4 Rab8 23. Rxa7 Ra8 24. Rb7 Rxa3 25. Qg5 Rxa2 26. Kh2 Rb2 27. Rc7 Ra2 28. Re7 Rb2 29. Rc7 Ra2 30. Re7 Rb2 31. Rd7 Ra2 32. Rf6 Ra4 33. Rdxf7 1/2-1/2

[Event "Kesan op 16th"]
[Site "Kesan"]
[Date "2018.08.16"]
[Round "8"]
[White "Gulsoy, Mustafa Alpago"]
[Black "Alumert, Orkun Efe"]
[Result "1-0"]
[WhiteElo "1978"]
[BlackElo "1764"]
[PlyCount "141"]
[EventDate "2018.08.12"]
[EventType "swiss"]
[EventRounds "9"]
[EventCountry "TUR"]
[SourceTitle "CBM 186 Extra"]
[Source "ChessBase"]
[SourceDate "2018.08.24"]
[SourceVersion "1"]
[SourceVersionDate "2018.08.24"]
[SourceQuality "1"]

1. Nf3 Nf6 2. c4 c6 3. d4 d5 4. Nc3 e6 5. cxd5 exd5 6. Qc2 Bd6 7. Bg5 0-0 8. e3 Re8 9. Bd3 h6 10. Bh4 Nbd7 11. 0-0 Nf8 12. Bg3 Bxg3 13. hxg3 Qd6 14. Rfc1 Bg4 15. Na4 Bxf3 16. gxf3 Ne6 17. Nc5 Nxc5 18. Qxc5 Qxc5 19. Rxc5 Nd7 20. Rc3 a5 21. Rb3 Ra7 22. Rc1 Nf8 23. Kf1 g6 24. f4 f5 25. Kg2 Kg7 26. a3 Nd7 27. Rbc3 a4 28. Re1 Re6 29. Rec1 Re8 30. Kf3 h5 31. Ke2 Rh8 32. Rh1 Nf6 33. f3 Re8 34. Kd2 Re7 35. Bc2 Ne8 36. Rg1 Nd6 37. g4 hxg4 38. fxg4 Kf6 39. Bd3 Ra8 40. g5+ Ke6 41. Rh1 Ree8 42. Rh6 Rg8 43. Rc1 Nf7 44. Rh7 Rh8 45. Rch1 b5 46. Kc3 Kd6 47. Be2 Rae8 48. Kd2 Rxh7 49. Rxh7 Nd8 50. Rg7 Re6 51. Bd3 c5 52. Bxb5 cxd4 53. exd4 Nc6 54. Kd3 Ne7 55. Bxa4 Re4 56. Be8 Rxf4 57. a4 Rg4 58. a5 Rxg5 59. a6 Rg1 60. b3 Ra1 61. Ba4 Rh1 62. Rg8 Rh3+ 63. Ke2 Nxg8 64. a7 Nf6 65. a8Q Ne4 66. Qe8 Nc3+ 67. Kf2 Nxa4 68. Qxg6+ Kc7 69. Qf7+ Kc6 70. Qe6+ Kb5 71. Qxd5+ 1-0

[Event "Troya op 26th"]
[Site "Canakkale"]
[Date "2018.08.07"]
[Round "3"]
[White "Eminov, Orkhan"]
[Black "Gulsoy, Mustafa Alpago"]
[Result "1/2-1/2"]
[WhiteElo "2272"]
[BlackElo "1978"]
[PlyCount "103"]
[EventDate "2018.08.06"]
[EventType "swiss"]
[EventRounds "9"]
[EventCountry "TUR"]
[SourceTitle "CBM 185 Extra"]
[Source "ChessBase"]
[SourceDate "2018.07.29"]
[SourceVersion "1"]
[SourceVersionDate "2018.07.29"]
[SourceQuality "1"]

1. e4 c5 2. Nf3 d6 3. Bb5+ Nd7 4. d4 cxd4 5. Qxd4 a6 6. Bxd7+ Bxd7 7. Bg5 Qc7 8. Nc3 e6 9. 0-0 f6 10. Bh4 Nh6 11. Rad1 Be7 12. Nd2 b5 13. Kh1 Rd8 14. a3 Nf7 15. f4 Bc6 16. Nf3 e5 17. Qd2 0-0 18. Bf2 Rfe8 19. Nh4 Bf8 20. Nf5 Qb7 21. Rfe1 g6 22. Ne3 Bg7 23. Ned5 f5 24. exf5 gxf5 25. Bh4 Rd7 26. Qf2 Nh6 27. h3 Re6 28. Re3 Rf7 29. Rg3 Kh8 30. Qe2 a5 31. b4 a4 32. Re3 Ng8 33. Qd2 Nf6 34. Bxf6 Bxf6 35. Nxf6 Rfxf6 36. Nd5 Rf8 37. fxe5 dxe5 38. Nf4 Ree8 39. Qc3 Be4 40. Kh2 Rg8 41. g4 Qg7 42. Nh5 Qe7 43. Rd2 Ba8 44. Rde2 Qb7 45. Rxe5 Qh1+ 46. Kg3 Qg1+ 47. Kf4 Qf1+ 48. Kg3 Qg1+ 49. Kf4 Qf1+ 50. Kg3 Qg1+ 51. Kf4 Qf1+ 52. Kg3 1/2-1/2

[Event "TUR Cup"]
[Site "Antalya"]
[Date "2017.01.31"]
[Round "6"]
[White "Gulsoy, Mustafa Alpago"]
[Black "Can, Melih Kaan"]
[Result "0-1"]
[WhiteElo "1889"]
[BlackElo "2064"]
[PlyCount "72"]
[EventDate "2017.01.28"]
[EventType "swiss"]
[EventRounds "11"]
[EventCountry "TUR"]
[SourceTitle "CBM 176 Extra"]
[Source "ChessBase"]
[SourceDate "2017.03.02"]
[SourceVersion "1"]
[SourceVersionDate "2017.03.02"]
[SourceQuality "1"]

1. e4 d5 2. Nc3 d4 3. Nce2 c5 4. d3 Nc6 5. g3 Nf6 6. Bg2 e5 7. Nf3 h6 8. Nd2 Be7 9. 0-0 Qc7 10. a4 g5 11. f4 gxf4 12. gxf4 Bg4 13. f5 0-0-0 14. h3 Bh5 15. Nc4 Rdg8 16. Kh2 Nd7 17. Bf3 Bxf3 18. Rxf3 Bg5 19. Rg3 Nb6 20. Nxb6+ Qxb6 21. Qg1 Qd8 22. Bxg5 hxg5 23. Qg2 Rh5 24. Qf3 Rgh8 25. f6 Qd7 26. Rf1 Nd8 27. Qf5 Ne6 28. Qxe5 Rxh3+ 29. Rxh3 Rxh3+ 30. Kg1 Qe8 31. Ng3 Qh8 32. Nf5 Qh5 33. Ne7+ Kd7 34. Qf5 Qh4 35. Qd5+ Ke8 36. e5 Qg4+ 0-1

[Event "TUR-chT2"]
[Site "Konya"]
[Date "2016.07.19"]
[Round "4.7"]
[White "Gulsoy, Mustafa Alpago"]
[Black "Afyoncu, Omer"]
[Result "0-1"]
[WhiteElo "1899"]
[BlackElo "2028"]
[PlyCount "96"]
[EventDate "2016.07.17"]
[EventType "team-swiss"]
[EventRounds "9"]
[EventCountry "TUR"]
[SourceTitle "CBM 173 Extra"]
[Source "ChessBase"]
[SourceDate "2016.08.29"]
[SourceVersion "1"]
[SourceVersionDate "2016.08.29"]
[SourceQuality "1"]
[WhiteTeam "Karaman Saglik"]
[BlackTeam "Ankara Dernegi"]
[WhiteTeamCountry "TUR"]
[BlackTeamCountry "TUR"]

1. e4 c5 2. c3 Nf6 3. e5 Nd5 4. d4 cxd4 5. Nf3 d6 6. cxd4 Nc6 7. Bc4 e6 8. 0-0 Be7 9. Nc3 Nxc3 10. bxc3 dxe5 11. dxe5 Qxd1 12. Rxd1 Bd7 13. Be3 Rc8 14. Be2 Rc7 15. Rd2 0-0 16. Rad1 Be8 17. h3 b6 18. Ba6 Nb8 19. Be2 Rxc3 20. Nd4 Ba4 21. Rb1 Bc5 22. Kf1 Nc6 23. Bb5 Bxb5+ 24. Nxb5 Bxe3 25. fxe3 Rxe3 26. Rc2 Ne7 27. Nxa7 Rxe5 28. Nc6 Rf5+ 29. Kg1 Nd5 30. Nb4 Nxb4 31. Rxb4 b5 32. Rcb2 Rc8 33. Rxb5 Rxb5 34. Rxb5 g6 35. a4 Rc2 36. a5 Kg7 37. Rb8 Ra2 38. Ra8 h5 39. a6 Kf6 40. Ra7 g5 41. g3 e5 42. Kf1 Ke6 43. Ra8 Kf5 44. Rh8 Rxa6 45. Rxh5 f6 46. Rh6 Ke4 47. g4 Kf3 48. Ke1 e4 0-1

[Event "TUR-chT2"]
[Site "Konya"]
[Date "2016.07.18"]
[Round "2.5"]
[White "Bal, Enes Emre"]
[Black "Gulsoy, Mustafa Alpago"]
[Result "1/2-1/2"]
[WhiteElo "1974"]
[BlackElo "1899"]
[PlyCount "67"]
[EventDate "2016.07.17"]
[EventType "team-swiss"]
[EventRounds "9"]
[EventCountry "TUR"]
[SourceTitle "CBM 173 Extra"]
[Source "ChessBase"]
[SourceDate "2016.08.29"]
[SourceVersion "1"]
[SourceVersionDate "2016.08.29"]
[SourceQuality "1"]
[WhiteTeam "Karaman Belediye"]
[BlackTeam "Karaman Saglik"]
[WhiteTeamCountry "TUR"]
[BlackTeamCountry "TUR"]

1. e4 g6 2. Nc3 Bg7 3. g3 c5 4. Bg2 d6 5. d3 Nc6 6. Be3 Nd4 7. Qd2 Rb8 8. f4 e6 9. Nge2 b5 10. 0-0 Ne7 11. Nd1 b4 12. c3 Nxe2+ 13. Qxe2 Qb6 14. f5 exf5 15. exf5 Bxf5 16. Bg5 Qc7 17. Bd5 h6 18. Bh4 Kf8 19. Bxe7+ Qxe7 20. Qf3 Kg8 21. Ne3 Be6 22. Rae1 Be5 23. Ng4 bxc3 24. Nxe5 dxe5 25. bxc3 Bxd5 26. Qxd5 Rd8 27. Rxf7 Qxf7 28. Qxd8+ Kh7 29. Qd6 Rf8 30. Qxc5 Kg8 31. Qe3 Qxa2 32. c4 a5 33. c5 Qb2 34. c6 1/2-1/2

[Event "Cesme op 4th"]
[Site "Cesme"]
[Date "2016.06.20"]
[Round "2"]
[White "Ali Marandi, Cemil Can"]
[Black "Gulsoy, Mustafa Alpago"]
[Result "1-0"]
[WhiteElo "2472"]
[BlackElo "2018"]
[PlyCount "47"]
[EventDate "2016.06.20"]
[EventType "swiss"]
[EventRounds "9"]
[EventCountry "TUR"]
[SourceTitle "CBM 173 Extra"]
[Source "ChessBase"]
[SourceDate "2016.08.29"]
[SourceVersion "1"]
[SourceVersionDate "2016.08.29"]
[SourceQuality "1"]

1. e4 d5 2. exd5 Nf6 3. Bb5+ Bd7 4. Be2 Nxd5 5. d4 e6 6. Nf3 c5 7. c4 Nf6 8. 0-0 Be7 9. d5 exd5 10. cxd5 Qc7 11. Nc3 0-0 12. Bg5 Re8 13. Re1 h6 14. Bh4 g5 15. Bg3 Bd6 16. Bxd6 Qxd6 17. Nd2 Qc7 18. a4 Bf5 19. Nb5 Qd7 20. Nc4 Na6 21. Ncd6 Red8 22. Bh5 Bg4 23. Bxf7+ Kg7 24. Qc2 1-0

[Event "Manavgat Turkey Cup"]
[Site "Manavgat"]
[Date "2016.02.04"]
[Round "9"]
[White "Gulsoy, Mustafa Alpago"]
[Black "Ozturk, Yavuz"]
[Result "1-0"]
[WhiteElo "1957"]
[BlackElo "1785"]
[PlyCount "77"]
[EventDate "2016.01.30"]
[EventType "swiss"]
[EventRounds "11"]
[EventCountry "TUR"]
[SourceTitle "CBM 170 Extra"]
[Source "ChessBase"]
[SourceDate "2016.02.25"]
[SourceVersion "1"]
[SourceVersionDate "2016.02.25"]
[SourceQuality "1"]

1. e4 e6 2. d3 d5 3. Nc3 dxe4 4. Nxe4 Nf6 5. Bg5 Be7 6. Bxf6 Bxf6 7. c3 Bd7 8. Nf3 Bc6 9. Qc2 Nd7 10. d4 e5 11. 0-0-0 exd4 12. Nxf6+ Qxf6 13. Re1+ Kf8 14. Nxd4 g6 15. Qb3 Kg7 16. f3 Rhe8 17. Bb5 Qg5+ 18. Kb1 Bxb5 19. Qxb5 Qxb5 20. Nxb5 Rxe1+ 21. Rxe1 c6 22. Nd6 Kf8 23. Nxb7 Rb8 24. Na5 Rb6 25. Nc4 Rb8 26. Ne5 Nxe5 27. Rxe5 Rd8 28. Kc2 Rd7 29. Re4 f5 30. Rd4 Re7 31. Kd2 Rb7 32. b4 Ke7 33. Kd3 g5 34. Kc4 Rb5 35. f4 gxf4 36. Rxf4 a5 37. Rh4 a4 38. Rxh7+ Kf6 39. Rh6+ 1-0

[Event "Manavgat Turkey Cup"]
[Site "Manavgat"]
[Date "2016.02.03"]
[Round "7"]
[White "Zor, Alber Kadir"]
[Black "Gulsoy, Mustafa Alpago"]
[Result "1/2-1/2"]
[WhiteElo "2134"]
[BlackElo "1957"]
[PlyCount "43"]
[EventDate "2016.01.30"]
[EventType "swiss"]
[EventRounds "11"]
[EventCountry "TUR"]
[SourceTitle "CBM 170 Extra"]
[Source "ChessBase"]
[SourceDate "2016.02.25"]
[SourceVersion "1"]
[SourceVersionDate "2016.02.25"]
[SourceQuality "1"]

1. e4 d5 2. exd5 Qxd5 3. Nc3 Qd8 4. Nf3 g6 5. Bc4 Bg7 6. 0-0 Nf6 7. Re1 0-0 8. d4 a6 9. a4 b6 10. Qe2 Re8 11. Bf4 e6 12. Rad1 Bb7 13. Ng5 Nc6 14. Qe3 h6 15. Nxf7 Kxf7 16. Bxe6+ Kf8 17. d5 Ne7 18. Qg3 Nh5 19. Qf3 Nxf4 20. Qxf4+ Nf5 21. g4 Qd6 22. Qe4 1/2-1/2

[Event "Manavgat Turkey Cup"]
[Site "Manavgat"]
[Date "2016.02.02"]
[Round "6"]
[White "Gulsoy, Mustafa Alpago"]
[Black "Akdogan, Alperen"]
[Result "1/2-1/2"]
[WhiteElo "1957"]
[BlackElo "2114"]
[PlyCount "149"]
[EventDate "2016.01.30"]
[EventType "swiss"]
[EventRounds "11"]
[EventCountry "TUR"]
[SourceTitle "CBM 170 Extra"]
[Source "ChessBase"]
[SourceDate "2016.02.25"]
[SourceVersion "1"]
[SourceVersionDate "2016.02.25"]
[SourceQuality "1"]

1. e4 Nf6 2. Nc3 d5 3. e5 Nfd7 4. e6 fxe6 5. d4 c5 6. Nf3 Nc6 7. Bb5 Qc7 8. 0-0 g6 9. Re1 Nf6 10. dxc5 Bg7 11. Nd4 0-0 12. Bxc6 bxc6 13. Nxe6 Bxe6 14. Rxe6 Qd7 15. Re2 Nh5 16. a4 e5 17. Ne4 Rab8 18. c4 d4 19. Ra3 Nf6 20. a5 Nxe4 21. Rxe4 Rb4 22. b3 Qf7 23. f3 a6 24. Qd3 Rb7 25. Bd2 Rfb8 26. Re1 Qf5 27. b4 Qxd3 28. Rxd3 Rxb4 29. Bxb4 Rxb4 30. f4 Rxc4 31. fxe5 Kf7 32. Rh3 Ke6 33. Rxh7 Bxe5 34. Ra7 Rxc5 35. Rxa6 Kd5 36. Ra8 Bf4 37. a6 Ra5 38. a7 Bd6 39. Rb1 Ra2 40. Kf1 g5 41. h3 c5 42. Rd8 Rxa7 43. Rb6 Rf7+ 44. Ke2 Rf6 45. g3 Re6+ 46. Kd2 c4 47. Rb5+ Ke4 48. Rxg5 Bb4+ 49. Ke2 d3+ 50. Kf2 Rf6+ 51. Kg2 Ke3 52. Rgd5 Rd6 53. R5xd6 Bxd6 54. Rxd6 c3 55. Rc6 c2 56. g4 d2 57. Rc3+ Kf4 58. Rc4+ Ke5 59. Rxc2 d1Q 60. Rf2 Ke4 61. Rf5 Qd6 62. Rf1 Qc6 63. Rf5 Ke3+ 64. Kg3 Qh1 65. Kh4 Ke4 66. Rf8 Ke5 67. Rf5+ Ke6 68. Rf2 Qg1 69. Rf5 Qg2 70. Rf8 Qg1 71. Rf5 Qe1+ 72. Kg5 Qg3 73. h4 Qc3 74. h5 Qg7+ 75. Kh4 1/2-1/2

[Event "Manavgat Turkey Cup"]
[Site "Manavgat"]
[Date "2016.02.02"]
[Round "5"]
[White "Yaran, Siar"]
[Black "Gulsoy, Mustafa Alpago"]
[Result "0-1"]
[WhiteElo "2195"]
[BlackElo "1957"]
[PlyCount "96"]
[EventDate "2016.01.30"]
[EventType "swiss"]
[EventRounds "11"]
[EventCountry "TUR"]
[SourceTitle "CBM 170 Extra"]
[Source "ChessBase"]
[SourceDate "2016.02.25"]
[SourceVersion "1"]
[SourceVersionDate "2016.02.25"]
[SourceQuality "1"]

1. b3 c5 2. Bb2 Nc6 3. Nf3 d6 4. d4 cxd4 5. Nxd4 Nf6 6. g3 Bg4 7. Bg2 Rc8 8. h3 Bh5 9. 0-0 Bg6 10. c4 h5 11. Nc3 h4 12. g4 e5 13. e3 exd4 14. exd4 Be7 15. f4 Qd7 16. d5 Nb4 17. f5 Bh7 18. a3 Na6 19. g5 Bxf5 20. gxf6 Bxf6 21. Qf3 Bg6 22. Qe3+ Kf8 23. Rxf6 gxf6 24. Ne4 Bxe4 25. Bxf6 Bxg2 26. Bxh8 Qxh3 27. Qh6+ Ke8 28. Re1+ Kd7 29. Qf6 Kc7 30. Re7+ Kb8 31. Qxd6+ Ka8 32. Qh2 Qxh2+ 33. Kxh2 Bxd5 34. cxd5 Rxh8 35. Rxf7 Rd8 36. Rf5 Kb8 37. Kh3 Nc7 38. Kxh4 Nxd5 39. Kg3 Ne3 40. Rf3 Rd3 41. Kf4 Nd5+ 42. Ke4 Rxf3 43. Kxf3 Kc7 44. Ke4 Kc6 45. Kd4 b5 46. a4 b4 47. a5 Nc3 48. Kc4 Na2 0-1

[Event "Manavgat Turkey Cup"]
[Site "Manavgat"]
[Date "2016.02.01"]
[Round "4"]
[White "Gulsoy, Mustafa Alpago"]
[Black "Civi, Akin"]
[Result "1-0"]
[WhiteElo "1957"]
[BlackElo "1679"]
[PlyCount "137"]
[EventDate "2016.01.30"]
[EventType "swiss"]
[EventRounds "11"]
[EventCountry "TUR"]
[SourceTitle "CBM 170 Extra"]
[Source "ChessBase"]
[SourceDate "2016.02.25"]
[SourceVersion "1"]
[SourceVersionDate "2016.02.25"]
[SourceQuality "1"]

1. e4 d5 2. Nc3 dxe4 3. Nxe4 Nf6 4. Nc3 Bg4 5. Be2 Bxe2 6. Qxe2 Nc6 7. Nf3 Qd7 8. d3 e6 9. Be3 Bb4 10. 0-0 Bxc3 11. bxc3 0-0 12. c4 e5 13. Bg5 Qf5 14. Bxf6 Qxf6 15. Rab1 b6 16. Rfe1 Rfe8 17. Qe4 h6 18. Rb5 a6 19. Rd5 Qf4 20. Rxe5 Nxe5 21. Qxf4 Nxf3+ 22. gxf3 Rxe1+ 23. Kg2 c5 24. Qc7 Rae8 25. Qxb6 R8e6 26. Qb8+ Kh7 27. f4 R1e2 28. Qc7 Rxc2 29. Qxc5 Ree2 30. a4 g6 31. Qa7 Kg8 32. Qd4 Ra2 33. c5 Red2 34. c6 Rac2 35. Qe3 Re2 36. Qa7 Re6 37. c7 Rec6 38. a5 Rxc7 39. Qxa6 R2c6 40. Qb5 Rc5 41. Qb4 Rc8 42. d4 Rc4 43. Qb7 Rd8 44. a6 Rcxd4 45. a7 Ra4 46. Qb8 Rf8 47. Kf3 Kg7 48. h4 h5 49. Ke3 Kg8 50. Kd3 Ra1 51. Ke4 Re1+ 52. Kd5 Ree8 53. Qb7 Rc8 54. f5 Kg7 55. fxg6 Kxg6 56. Qb1+ Kg7 57. Qf5 Rfd8+ 58. Ke4 Ra8 59. Qg5+ Kf8 60. Qc5+ Kg8 61. f4 Rd7 62. Qxh5 Rdxa7 63. Qg5+ Kh7 64. Qf5+ Kg7 65. h5 Ra4+ 66. Kf3 R4a5 67. Qe4 R8a6 68. Qd4+ Kh6 69. Qh8# 1-0

[Event "Troya op 23rd"]
[Site "Canakkale"]
[Date "2015.08.15"]
[Round "9"]
[White "Sahin, Ozgun"]
[Black "Gulsoy, Mustafa Alpago"]
[Result "1-0"]
[WhiteElo "2115"]
[BlackElo "1913"]
[PlyCount "49"]
[EventDate "2015.08.08"]
[EventType "swiss"]
[EventRounds "9"]
[EventCountry "TUR"]
[SourceTitle "CBM 167 Extra"]
[Source "ChessBase"]
[SourceDate "2015.09.14"]
[SourceVersion "1"]
[SourceVersionDate "2015.09.14"]
[SourceQuality "1"]

1. e4 g6 2. d4 d6 3. Nc3 Nf6 4. Be3 Bg7 5. Qd2 0-0 6. 0-0-0 c6 7. h4 h5 8. f3 b5 9. Bh6 a6 10. Kb1 Nbd7 11. e5 Nd5 12. Nxd5 cxd5 13. g4 hxg4 14. h5 dxe5 15. hxg6 fxg6 16. Bxg7 Kxg7 17. Qh6+ Kf6 18. fxg4 Ke6 19. Qxg6+ Rf6 20. Qd3 e4 21. Qg3 Qg8 22. g5 Kf7 23. Be2 Rf5 24. Nh3 e6 25. Bg4 1-0